| 000 | 00716cab a2200253 4500 | ||
|---|---|---|---|
| 001 | WB3409-32 | ||
| 008 | 090401t1998 xxu||||| |||| 00| 0 eng d | ||
| 035 | _a(Sirsi) u84743 | ||
| 041 | _aeng | ||
| 245 | _aAgricultural rents | ||
| 260 | _c1998 | ||
| 350 | _a0 | ||
| 490 |
_aWestern Morning News _v4 march 1998, 5(1) |
||
| 520 | _aAgricultural rents continue to rise in the Westcountry despite deepening falls in agricultural profitability. | ||
| 650 | _aCORNWALL | ||
| 650 | _aDEVON | ||
| 650 | _aFARM RENTS | ||
| 650 | _aRENTAL LEVELS | ||
| 650 | _aSTRATTON AND HOLBOROW | ||
| 650 | _aWEST OF ENGLAND | ||
| 690 | _aLANDLORD AND TENANT-AGRICULTURAL TENANCIES | ||
| 942 | _n0 | ||
| 948 | _c06/03/1998 | ||
| 999 |
_c53295 _d53295 |
||